Normal view
MARC view
Entry Personal Name
001 - CONTROL NUMBER
- control field: 1225401
003 - CONTROL NUMBER IDENTIFIER
- control field: OSt
005 - DATE AND TIME OF LATEST TRANSACTION
- control field: 20260324150137.0
008 - FIXED-LENGTH DATA ELEMENTS
- fixed length control field: 260324|| aca||aabn | a|a d
040 ## - CATALOGING SOURCE
- Original cataloging agency: OSt
- Transcribing agency: OSt
100 ## - HEADING--PERSONAL NAME
- Personal name: Douglas Brooks
670 ## - SOURCE DATA FOUND
- Source citation: Work cat.: (OSt)1834373: Douglas Brooks, Number and Pattern in the Eighteenth-Century Novel
